[Event "Torredembarra op 25th"]
[Site "Torredembarra"]
[Date "2025.07.09"]
[Round "6"]
[White "Lacasa Diaz, Oriol"]
[Black "Martin Barcelo, Carles"]
[Result "1/2-1/2"]
[WhiteElo "2098"]
[BlackElo "2290"]
[PlyCount "141"]
[EventDate "2025.07.05"]
[EventType "swiss"]
[EventRounds "9"]
[EventCountry "ESP"]
[SourceTitle "CB29_2025"]
[SourceDate "2025.07.16"]
[SourceVersion "1"]
[SourceVersionDate "2025.07.16"]
[SourceQuality "1"]

1. e4 e5 2. Nf3 Nc6 3. Bb5 a6 4. Ba4 Bc5 5. 0-0 Nge7 6. c3 Ng6 7. d4 Ba7 8. Bg5 f6 9. Be3 0-0 10. Nbd2 d6 11. h3 Kh8 12. Re1 Bd7 13. Nf1 exd4 14. cxd4 d5 15. exd5 Nb4 16. Bb3 Bb5 17. a4 Be8 18. Bd2 Nxd5 19. Bxd5 Qxd5 20. Bb4 Rg8 21. Rc1 Bc6 22. Ne3 Qd7 23. b3 Nf4 24. d5 Bxd5 25. Rc4 Bxe3 26. fxe3 Ne6 27. e4 Bc6 28. Qxd7 Bxd7 29. e5 f5 30. Rd1 Bc6 31. Nd4 Rad8 32. Rd2 Nxd4 33. Rcxd4 Rxd4 34. Rxd4 Re8 35. Bc3 Kg8 36. Rd2 Kf7 37. Kf2 Ke6 38. g3 g5 39. Ke3 Rg8 40. Rd4 Rf8 41. Bb4 Rh8 42. Bc3 h5 43. h4 f4+ 44. gxf4 gxh4 45. f5+ Kxf5 46. Rxh4 Kg5 47. Be1 Rf8 48. Rh3 Rf1 49. Ke2 Rf5 50. Rg3+ Kf4 51. Re3 Bd5 52. e6 Rf8 53. e7 Re8 54. Bg3+ Kg4 55. Bxc7 Bxb3 56. Bd6 Bd5 57. Kd3 h4 58. Kd4 Bc6 59. a5 Rh8 60. Kc5 h3 61. Bh2 Be8 62. Kb6 Rh5 63. Rg3+ Kh4 64. Rg8 Rb5+ 65. Kc7 Bc6 66. Rg6 Be8 67. Rh6+ Kg5 68. Rxh3 Rxa5 69. Kxb7 Kf6 70. Rh6+ Kxe7 71. Rxa6 1/2-1/2

[Event "Torredembarra op 25th"]
[Site "Torredembarra"]
[Date "2025.07.06"]
[Round "2"]
[White "Garriga Cabrera, Joan"]
[Black "Martin Barcelo, Carles"]
[Result "0-1"]
[WhiteElo "1980"]
[BlackElo "2290"]
[PlyCount "56"]
[EventDate "2025.07.05"]
[EventType "swiss"]
[EventRounds "9"]
[EventCountry "ESP"]
[SourceTitle "CB29_2025"]
[SourceDate "2025.07.16"]
[SourceVersion "1"]
[SourceVersionDate "2025.07.16"]
[SourceQuality "1"]

1. e4 c6 2. d4 d5 3. Nc3 dxe4 4. Nxe4 Nf6 5. Nxf6+ exf6 6. c3 Bd6 7. Bd3 0-0 8. Qc2 c5 9. dxc5 Bxc5 10. Ne2 g6 11. h4 Nc6 12. Bh6 Re8 13. h5 g5 14. 0-0-0 Qa5 15. Bc4 Bf5 16. Qb3 Ne5 17. Ng3 Nxc4 18. Nxf5 Bxf2 19. Ng7 Rec8 20. Rh3 Be3+ 21. Rxe3 Nxe3 22. Rd7 Nc4 23. Rxf7 Qd5 24. Rxf6 Rf8 25. Nf5 Qd2+ 26. Kb1 Qe1+ 27. Kc2 Qe4+ 28. Kc1 Rxf6 0-1

[Event "Torredembarra op 25th"]
[Site "Torredembarra"]
[Date "2025.07.06"]
[Round "3"]
[White "Martin Barcelo, Carles"]
[Black "Alonso Castillo, Sergio"]
[Result "1-0"]
[WhiteElo "2290"]
[BlackElo "2107"]
[PlyCount "66"]
[EventDate "2025.07.05"]
[EventType "swiss"]
[EventRounds "9"]
[EventCountry "ESP"]
[SourceTitle "CB29_2025"]
[SourceDate "2025.07.16"]
[SourceVersion "1"]
[SourceVersionDate "2025.07.16"]
[SourceQuality "1"]

1. e4 d6 2. d4 Nf6 3. Nc3 c6 4. h3 b5 5. a3 Bb7 6. g4 a5 7. Bg2 b4 8. axb4 axb4 9. Rxa8 Bxa8 10. Nce2 Qa5 11. Ng3 e6 12. N1e2 h5 13. g5 h4 14. gxf6 hxg3 15. fxg3 gxf6 16. 0-0 Nd7 17. Be3 Bb7 18. Nf4 d5 19. Kh2 Bd6 20. Qg4 dxe4 21. Bxe4 f5 22. Qg7 Rf8 23. Bf3 Be7 24. Nh5 Qa6 25. Re1 c5 26. d5 e5 27. Bg5 Qg6 28. Bxe7 Kxe7 29. Rxe5+ Nxe5 30. Qxe5+ Kd8 31. Nf6 Qh6 32. Bg2 Kc8 33. Qe7 Rd8 1-0

[Event "Titled Tuesday intern op 20th May Late"]
[Site "Chess.com INT"]
[Date "2025.05.20"]
[Round "3"]
[White "Martin Barcelo, Carles"]
[Black "Mendes Domingues, Ribeiro Matheus"]
[Result "0-1"]
[WhiteElo "2290"]
[BlackElo "2294"]
[PlyCount "120"]
[EventDate "2025.05.20"]
[EventType "swiss (blitz)"]
[EventRounds "11"]
[EventCountry "USA"]
[SourceTitle "CB22_2025"]
[SourceDate "2025.05.28"]
[SourceVersion "1"]
[SourceVersionDate "2025.05.28"]
[SourceQuality "1"]

1. Nf3 d5 2. e3 c5 3. b3 Nf6 4. Bb2 Nc6 5. Ne5 e6 6. Nxc6 bxc6 7. d3 Bd6 8. g3 0-0 9. Bg2 e5 10. c4 Re8 11. 0-0 Bf5 12. Nc3 d4 13. Na4 Qd7 14. e4 Bh3 15. Ba3 Bxg2 16. Kxg2 Qe7 17. f4 Nd7 18. Qg4 Nb6 19. Nb2 a5 20. f5 a4 21. f6 Qf8 22. Nxa4 Nxa4 23. bxa4 Rxa4 24. Bc1 g6 25. Qh4 Rea8 26. Rf2 R8a6 27. Bh6 Qa8 28. Qg4 Ra3 29. Qd7 Bf8 30. Bg7 Ra7 31. Qg4 Bxg7 32. fxg7 Rxa2 33. Raxa2 Rxa2 34. Qd7 Rxf2+ 35. Kxf2 Kxg7 36. Qe7 Qb8 37. Qxc5 Qc7 38. Kf3 h5 39. h4 Kf6 40. Qf8 Qd7 41. Qh8+ Ke6 42. Qf8 Qd6 43. Qe8+ Kf6 44. Qh8+ Ke7 45. Qc8 Qf6+ 46. Kg2 Qe6 47. Qc7+ Kf8 48. Qd8+ Kg7 49. Qc7 Qf6 50. Kg1 Kh7 51. Kg2 Kg8 52. Kg1 Qf3 53. Qxe5 Qxd3 54. Qe8+ Kg7 55. Qxc6 Qe3+ 56. Kf1 d3 57. Qd5 d2 58. Qe5+ Kh7 59. Qd5 Qf3+ 60. Kg1 d1Q+ 0-1

[Event "Titled Tuesday intern op 20th May Late"]
[Site "Chess.com INT"]
[Date "2025.05.20"]
[Round "4"]
[White "Skramstad, Oda Kofoed"]
[Black "Martin Barcelo, Carles"]
[Result "1-0"]
[WhiteElo "1898"]
[BlackElo "2290"]
[PlyCount "111"]
[EventDate "2025.05.20"]
[EventType "swiss (blitz)"]
[EventRounds "11"]
[EventCountry "USA"]
[SourceTitle "CB22_2025"]
[SourceDate "2025.05.28"]
[SourceVersion "1"]
[SourceVersionDate "2025.05.28"]
[SourceQuality "1"]

1. e4 c6 2. d4 d5 3. Nc3 dxe4 4. Nxe4 Bf5 5. Ng3 Bg6 6. h4 h6 7. h5 Bh7 8. Nf3 Nd7 9. Bd3 Bxd3 10. Qxd3 Ngf6 11. 0-0 e6 12. c4 Be7 13. Re1 0-0 14. Bf4 a5 15. a3 a4 16. Rad1 Qa5 17. Ne5 Nxe5 18. Bxe5 Rad8 19. Qf3 Qb6 20. Re2 Rd7 21. Red2 Rfd8 22. Ne4 Nxe4 23. Qxe4 Bd6 24. Rd3 Qxb2 25. Rg3 Bf8 26. Qg4 f5 27. Qg6 Qc2 28. Rdd3 Qc1+ 29. Kh2 b5 30. cxb5 cxb5 31. Qxe6+ Rf7 32. Rdf3 Qc2 33. Qxh6 b4 34. Qb6 b3 35. Rc3 Qe4 36. h6 Re8 37. hxg7 Bxg7 38. Bxg7 Rxg7 39. Rxg7+ Kxg7 40. Rg3+ Kf7 41. Qg6+ Ke7 42. Re3 Rh8+ 43. Kg3 f4+ 44. Kg4 Qxe3 45. fxe3 Rb8 46. Qg7+ Ke6 47. Qe5+ Kd7 48. Qxb8 fxe3 49. Kf3 Ke6 50. Kxe3 Kd5 51. Kd3 Ke6 52. Qb5 Kd6 53. g4 b2 54. g5 b1Q+ 55. Qxb1 Ke6 56. Ke4 1-0

[Event "Catalunya-chT Gp1 Relegation 1"]
[Site "Barcelona"]
[Date "2025.03.08"]
[Round "3.6"]
[White "Martin Barcelo, Carles"]
[Black "Tallo Dominguez, Imar"]
[Result "1-0"]
[WhiteElo "2284"]
[BlackElo "2261"]
[PlyCount "83"]
[EventDate "2025.02.22"]
[EventType "team-k.o."]
[EventRounds "4"]
[EventCountry "ESP"]
[SourceTitle "CB14_2025"]
[SourceDate "2024.11.01"]
[SourceVersion "1"]
[SourceVersionDate "2024.11.01"]
[SourceQuality "1"]
[WhiteTeam "Barcelona Escacs CC"]
[BlackTeam "Ateneu Colon"]
[WhiteTeamCountry "ESP"]
[BlackTeamCountry "ESP"]

1. e4 c5 2. Nf3 d6 3. Bb5+ Nd7 4. Ba4 Ngf6 5. 0-0 e6 6. d4 cxd4 7. Qxd4 Be7 8. c4 h6 9. Nc3 0-0 10. Rd1 a6 11. e5 dxe5 12. Nxe5 Qa5 13. Bxd7 Rd8 14. Bd2 Qc7 15. Bf4 Qa5 16. a3 Nxd7 17. b4 Nxe5 18. Nd5 exd5 19. bxa5 Nxc4 20. Bc7 Rd7 21. Qf4 Bf6 22. Ra2 Re7 23. h3 Be6 24. Bb6 Be5 25. Qh4 Bf6 26. Qg3 Nxb6 27. axb6 Rc8 28. a4 a5 29. Rad2 Rc6 30. f4 d4 31. Rxd4 Bxd4+ 32. Rxd4 Rxb6 33. Rd8+ Kh7 34. Qd3+ f5 35. g4 Rb3 36. Qc2 g6 37. Qc5 Rg7 38. Qe5 Bd7 39. Kf2 fxg4 40. hxg4 Bc6 41. Qf6 Rf3+ 42. Ke2 1-0

[Event "Catalunya-chT Gp1"]
[Site "Barcelona"]
[Date "2025.02.01"]
[Round "3.5"]
[White "Martin Barcelo, Carles"]
[Black "Gomez Anadon, Daniel"]
[Result "1-0"]
[WhiteElo "2254"]
[BlackElo "2195"]
[PlyCount "81"]
[EventDate "2025.01.18"]
[EventType "team-tourn"]
[EventRounds "5"]
[EventCountry "ESP"]
[SourceTitle "CB07_2025"]
[SourceDate "2025.02.12"]
[SourceVersion "1"]
[SourceVersionDate "2025.02.12"]
[SourceQuality "1"]
[WhiteTeam "Barcelona Escacs CC"]
[BlackTeam "Geva CEA"]
[WhiteTeamCountry "ESP"]
[BlackTeamCountry "ESP"]

1. e4 c5 2. Nf3 d6 3. Bb5+ Bd7 4. c4 e5 5. Bxd7+ Qxd7 6. Nc3 Nc6 7. d3 g6 8. h4 h5 9. a3 Bg7 10. b4 b6 11. 0-0 Nge7 12. b5 Nd4 13. a4 0-0 14. Re1 a6 15. bxa6 Rxa6 16. Nxd4 exd4 17. Nb5 Rfa8 18. Bf4 Be5 19. Bg5 Nc6 20. f4 Bg7 21. f5 Be5 22. Rf1 Na7 23. Ra2 Nxb5 24. cxb5 R6a7 25. Qb3 Kg7 26. fxg6 fxg6 27. Raf2 Qe8 28. Bf6+ Bxf6 29. Rxf6 Qe5 30. a5 bxa5 31. b6 a4 32. Qc4 Re7 33. Rf7+ Rxf7 34. Qxf7+ Kh6 35. b7 Rb8 36. Qf8+ Rxf8 37. Rxf8 d5 38. b8Q Qxb8 39. Rxb8 dxe4 40. dxe4 c4 41. Kf2 1-0

[Event "Catalunya-chT Gp1"]
[Site "Barcelona"]
[Date "2025.01.18"]
[Round "1.5"]
[White "Martin Barcelo, Carles"]
[Black "Juncosa Padros, Ernest"]
[Result "1/2-1/2"]
[WhiteElo "2254"]
[BlackElo "2088"]
[PlyCount "65"]
[EventDate "2025.01.18"]
[EventType "team-tourn"]
[EventRounds "5"]
[EventCountry "ESP"]
[SourceTitle "CB07_2025"]
[SourceDate "2025.02.12"]
[SourceVersion "1"]
[SourceVersionDate "2025.02.12"]
[SourceQuality "1"]
[WhiteTeam "Barcelona Escacs CC"]
[BlackTeam "Peona I Peo"]
[WhiteTeamCountry "ESP"]
[BlackTeamCountry "ESP"]

1. e4 c6 2. d4 d5 3. exd5 cxd5 4. Bd3 Nc6 5. c3 Nf6 6. Bf4 Bg4 7. Qb3 Qd7 8. Nd2 e6 9. Ngf3 Bd6 10. Bxd6 Qxd6 11. 0-0 0-0 12. Rae1 Ne7 13. Ne5 Bf5 14. Bxf5 Nxf5 15. g4 Nh4 16. f4 b5 17. Re3 Ng6 18. Qd1 b4 19. g5 Nd7 20. Qg4 bxc3 21. bxc3 Rfe8 22. Nxg6 fxg6 23. Nb3 Re7 24. Rfe1 Rf8 25. Rxe6 Rxf4 26. Qe2 Rxe6 27. Qxe6+ Qxe6 28. Rxe6 Nb6 29. Re7 Rf7 30. Re8+ Rf8 31. Re7 Rf7 32. Re8+ Rf8 33. Re7 1/2-1/2

[Event "Barcelona Navidad IM2"]
[Site "Barcelona"]
[Date "2024.12.30"]
[Round "8"]
[White "Cruz Estrada, Filemon"]
[Black "Martin Barcelo, Carles"]
[Result "1-0"]
[WhiteElo "2234"]
[BlackElo "2257"]
[PlyCount "154"]
[EventDate "2024.12.26"]
[EventType "tourn"]
[EventRounds "9"]
[EventCountry "ESP"]
[SourceTitle "CB01_2025"]
[SourceDate "2025.01.01"]
[SourceVersion "1"]
[SourceVersionDate "2025.01.01"]
[SourceQuality "1"]

1. Nf3 Nf6 2. g3 g6 3. Bg2 Bg7 4. 0-0 0-0 5. c4 d6 6. Nc3 c6 7. d3 e5 8. e4 Bg4 9. h3 Bxf3 10. Bxf3 a5 11. Bg2 Nbd7 12. Be3 Nc5 13. d4 Ne6 14. Ne2 exd4 15. Nxd4 Re8 16. Qc2 Nc5 17. f3 a4 18. Rfd1 Qa5 19. Bf2 h5 20. h4 Nfd7 21. Bf1 Ne5 22. Kg2 Qc7 23. Be2 Qe7 24. Qd2 Kh7 25. Rab1 Rad8 26. Qb4 Qf6 27. Nc2 Qe7 28. Qa3 Rf8 29. Nd4 Bh6 30. Be3 Bxe3 31. Qxe3 Ne6 32. Nc2 c5 33. Qd2 Nc6 34. Ne3 Ned4 35. Nd5 Qe6 36. Re1 Ne7 37. Nf4 Qd7 38. Bd3 Kg7 39. e5 dxe5 40. Rxe5 Ne6 41. Rbe1 Nxf4+ 42. Qxf4 Nc6 43. Rd5 Qc8 44. Be4 Rxd5 45. Bxd5 Nd4 46. Re7 Nf5 47. Qe5+ Kg8 48. Rxb7 Nh6 49. Qf6 Qf5 50. Qxf5 Nxf5 51. Kf2 Kg7 52. Rc7 Kf6 53. Rxc5 Rb8 54. Rb5 Rd8 55. Rb7 Nd6 56. Rb4 a3 57. bxa3 Ke5 58. Ke3 Nf5+ 59. Kf2 Nd6 60. a4 Kd4 61. a5 Kc5 62. a3 Rd7 63. Rb6 Nf5 64. Rf6 Nd6 65. g4 hxg4 66. fxg4 Ra7 67. h5 gxh5 68. gxh5 Rxa5 69. Rf3 f5 70. Kg3 Ra7 71. Kh4 Rg7 72. h6 Rg6 73. Kh5 Rg1 74. h7 Ne8 75. Kh4 Rg4+ 76. Kh3 Rg1 77. Kh2 Rg3 1-0

[Event "Barcelona Navidad IM2"]
[Site "Barcelona"]
[Date "2024.12.29"]
[Round "6"]
[White "Cruz, Jonathan"]
[Black "Martin Barcelo, Carles"]
[Result "1/2-1/2"]
[WhiteElo "2342"]
[BlackElo "2257"]
[PlyCount "27"]
[EventDate "2024.12.26"]
[EventType "tourn"]
[EventRounds "9"]
[EventCountry "ESP"]
[SourceTitle "CB01_2025"]
[SourceDate "2025.01.01"]
[SourceVersion "1"]
[SourceVersionDate "2025.01.01"]
[SourceQuality "1"]

1. Nf3 Nf6 2. g3 g6 3. Bg2 Bg7 4. 0-0 0-0 5. c4 d6 6. Nc3 c6 7. Qa4 e5 8. c5 Re8 9. cxd6 Qxd6 10. d4 exd4 11. Bf4 Qe7 12. Nxd4 Nbd7 13. Rad1 Nb6 14. Qb3 1/2-1/2

[Event "Sant Boi de Llobregat op 5th"]
[Site "Sant Boi de Llobregat"]
[Date "2024.12.01"]
[Round "3"]
[White "Tarhan, Adar"]
[Black "Martin Barcelo, Carles"]
[Result "1/2-1/2"]
[WhiteElo "2492"]
[BlackElo "2260"]
[PlyCount "104"]
[EventDate "2024.11.29"]
[EventType "swiss"]
[EventRounds "10"]
[EventCountry "ESP"]
[SourceTitle "CB50_2024"]
[SourceDate "2024.11.01"]
[SourceVersion "1"]
[SourceVersionDate "2024.11.01"]
[SourceQuality "2"]

1. d4 Nf6 2. c4 e6 3. Nf3 d5 4. Nc3 c6 5. e3 Nbd7 6. Qc2 b6 7. Be2 Bb7 8. 0-0 Bd6 9. b3 0-0 10. Bb2 Rc8 11. Rfd1 c5 12. dxc5 Nxc5 13. cxd5 Nce4 14. dxe6 Nxc3 15. Bxc3 Ne4 16. Bc4 b5 17. exf7+ Kh8 18. Bxg7+ Kxg7 19. Qb2+ Qf6 20. Qxf6+ Kxf6 21. Bxb5 Rxf7 22. Bc4 Rg7 23. g3 Ba3 24. Bd5 Rc2 25. Nd4 Rb2 26. Bxe4 Bxe4 27. Nb5 Bc5 28. Nc3 Bf3 29. Rd3 Rc2 30. a3 Ke6 31. b4 Bb6 32. Nb5 Rf7 33. a4 Be4 34. Rd4 Bxd4 35. Nxd4+ Kd5 36. Nxc2 Bxc2 37. b5 Be4 38. a5 Rb7 39. b6 axb6 40. axb6 Rxb6 41. h3 h5 42. Ra5+ Ke6 43. f4 Rb1+ 44. Kf2 Rb2+ 45. Ke1 Bf3 46. g4 hxg4 47. hxg4 Bxg4 48. Re5+ Kf6 49. Kf1 Bh3+ 50. Ke1 Bg4 51. Kf1 Bh3+ 52. Ke1 Bg4 1/2-1/2

[Event "Titled Tuesday intern op 17th Sep Late"]
[Site "Chess,com INT"]
[Date "2024.09.17"]
[Round "6"]
[White "Ruchinskaya, Valerie"]
[Black "Martin Barcelo, Carles"]
[Result "0-1"]
[WhiteElo "1925"]
[BlackElo "2263"]
[PlyCount "60"]
[EventDate "2024.09.17"]
[EventType "swiss (blitz)"]
[EventRounds "11"]
[EventCountry "USA"]
[SourceTitle "EXT 2025"]
[Source "ChessBase"]
[SourceDate "2024.10.14"]
[SourceVersion "1"]
[SourceVersionDate "2024.10.14"]
[SourceQuality "1"]

1. d4 Nf6 2. c4 b6 3. Nc3 Bb7 4. Nf3 g6 5. e3 Ne4 6. Qc2 Nxc3 7. Qxc3 Bg7 8. Be2 0-0 9. 0-0 c5 10. Qd3 d6 11. Bd2 Nd7 12. Bc3 e6 13. dxc5 Nxc5 14. Qc2 Be4 15. Qd2 Bxc3 16. Qxc3 Qe7 17. b4 Nd7 18. Nd2 Bb7 19. Bf3 Ne5 20. Bxb7 Qxb7 21. f4 Nc6 22. Ne4 f5 23. Nf6+ Kf7 24. Nxh7 Qe7 25. Ng5+ Kg8 26. Rf3 e5 27. Rh3 Rae8 28. Qe1 exf4 29. Qh4 Qg7 30. exf4 Qxa1+ 0-1

[Event "Titled Tuesday intern op 10th Sep Early"]
[Site "Chess,com INT"]
[Date "2024.09.10"]
[Round "5"]
[White "Martin Barcelo, Carles"]
[Black "Keleberda, Timur"]
[Result "0-1"]
[WhiteElo "2263"]
[BlackElo "2258"]
[PlyCount "90"]
[EventDate "2024.09.10"]
[EventType "swiss (blitz)"]
[EventRounds "11"]
[EventCountry "USA"]
[SourceTitle "EXT 2025"]
[Source "ChessBase"]
[SourceDate "2024.10.14"]
[SourceVersion "1"]
[SourceVersionDate "2024.10.14"]
[SourceQuality "1"]

1. d4 a6 2. e4 e6 3. Nf3 d6 4. Bd3 h6 5. 0-0 g6 6. c4 Bg7 7. Nc3 Ne7 8. Be3 Nd7 9. Qd2 b6 10. Rfe1 Bb7 11. h3 Kf8 12. Rac1 Kg8 13. b4 a5 14. b5 Qf8 15. a4 Rd8 16. d5 Nc5 17. Bxc5 dxc5 18. Qe3 e5 19. Nh4 Bc8 20. g4 h5 21. g5 f5 22. Kh2 Bd7 23. f3 Kh7 24. Rg1 Qf7 25. Rcf1 Rhf8 26. Ng2 Qg8 27. Qe1 Rf7 28. Nd1 Rdf8 29. Nde3 fxe4 30. fxe4 Rf3 31. Nh4 Rxh3+ 32. Kg2 Rf4 33. Nf3 Qf8 34. Nd2 Nc8 35. Rh1 Rxh1 36. Rxh1 Qe7 37. Qg3 Nd6 38. Rf1 h4 39. Qh2 Qxg5+ 40. Kh1 h3 41. Rg1 Qh5 42. Ndf1 Nxe4 43. Bxe4 Rxe4 44. Ng3 Qf3+ 45. Ng2 Rh4 0-1

[Event "Barcelona IM 09"]
[Site "Barcelona"]
[Date "2024.09.05"]
[Round "6"]
[White "Martin Barcelo, Carles"]
[Black "Heredia Serrano, Carla Sofia"]
[Result "0-1"]
[WhiteElo "2263"]
[BlackElo "2087"]
[PlyCount "92"]
[EventDate "2024.09.03"]
[EventType "tourn"]
[EventRounds "9"]
[EventCountry "ESP"]
[SourceTitle "EXT 2025"]
[Source "ChessBase"]
[SourceDate "2024.10.14"]
[SourceVersion "1"]
[SourceVersionDate "2024.10.14"]
[SourceQuality "1"]

1. Nf3 d5 2. g3 c6 3. Bg2 Bf5 4. 0-0 Nf6 5. d3 h6 6. Nc3 e6 7. Nd2 Be7 8. e4 Bh7 9. f4 Na6 10. Qe2 0-0 11. g4 Nb4 12. Nb3 dxe4 13. dxe4 a5 14. a3 a4 15. axb4 axb3 16. Rxa8 Qxa8 17. cxb3 Bxb4 18. e5 Nd7 19. Be3 Qa5 20. Ne4 Nc5 21. Bxc5 Bxc5+ 22. Kh1 Bxe4 23. Bxe4 Rd8 24. Rd1 Rd4 25. Kg2 Qb4 26. Rxd4 Qxd4 27. Kf3 Kf8 28. Bd3 Qd5+ 29. Be4 Qxb3+ 30. Qd3 Qb6 31. f5 Ke7 32. fxe6 fxe6 33. b3 Bd4 34. Kg2 Bxe5 35. Bg6 Qa5 36. Qe2 Qd5+ 37. Qf3 Qxf3+ 38. Kxf3 Bxh2 39. Bd3 Kd6 40. Ke4 b5 41. Be2 Kc5 42. Kd3 Kb4 43. Kc2 c5 44. Bd1 Bg1 45. Kb2 Bd4+ 46. Kc2 e5 0-1

[Event "ESP-chT CECLUB Div1"]
[Site "Linares"]
[Date "2024.08.20"]
[Round "3.11"]
[White "Martin Barcelo, Carles"]
[Black "Rey Malde, Henrique"]
[Result "1-0"]
[WhiteElo "2247"]
[BlackElo "2177"]
[PlyCount "82"]
[EventDate "2024.08.18"]
[EventType "team-tourn"]
[EventRounds "7"]
[EventCountry "ESP"]
[SourceTitle "CBM 221 Extra"]
[Source "ChessBase"]
[SourceDate "2024.09.30"]
[SourceVersion "1"]
[SourceVersionDate "2024.09.30"]
[SourceQuality "1"]
[WhiteTeam "Barcelona CE"]
[BlackTeam "Ourense"]
[WhiteTeamCountry "ESP"]
[BlackTeamCountry "ESP"]

1. e4 c5 2. Nf3 d6 3. Bb5+ Bd7 4. c4 Nf6 5. Nc3 Nc6 6. 0-0 g6 7. Bxc6 Bxc6 8. d4 cxd4 9. Nxd4 Bg7 10. Qd3 0-0 11. b3 Nd7 12. Bg5 Nc5 13. Qe3 Ne6 14. Nxe6 fxe6 15. Rac1 Rf7 16. Bh6 Bf6 17. Bg5 Bg7 18. Bh6 Bf6 19. b4 b6 20. Rfd1 Qe8 21. c5 bxc5 22. bxc5 Rd8 23. Ne2 e5 24. Nc3 Bg7 25. Bg5 Bf6 26. Bxf6 Rxf6 27. cxd6 exd6 28. Qxa7 Rd7 29. Qa6 Bb7 30. Qc4+ Kg7 31. f3 Qa8 32. Qa4 Qd8 33. Kh1 Rff7 34. Qb4 Qg5 35. Qb6 Ba8 36. a4 Rb7 37. Qf2 Rfc7 38. h3 Qf4 39. Ne2 Rxc1 40. Rxc1 Qd2 41. Qe1 Qe3 1-0

[Event "Titled Tuesday intern op 23rd Jul Early"]
[Site "Chess.com INT"]
[Date "2024.07.23"]
[Round "5"]
[White "Zaichenko, Daria"]
[Black "Martin Barcelo, Carles"]
[Result "1-0"]
[WhiteElo "2104"]
[BlackElo "2234"]
[PlyCount "57"]
[EventDate "2024.07.23"]
[EventType "swiss (blitz)"]
[EventRounds "11"]
[EventCountry "USA"]
[SourceTitle "EXT 2025"]
[Source "ChessBase"]
[SourceDate "2024.10.14"]
[SourceVersion "1"]
[SourceVersionDate "2024.10.14"]
[SourceQuality "1"]

1. e4 d6 2. d4 Nf6 3. Nc3 g6 4. f4 Bg7 5. Nf3 0-0 6. Bd3 Nc6 7. 0-0 e5 8. d5 Ne7 9. fxe5 dxe5 10. Nxe5 c6 11. dxc6 Qd4+ 12. Kh1 Qxe5 13. Bf4 Qc5 14. Bb5 Nxe4 15. Nxe4 Qxb5 16. Bd6 Re8 17. Bxe7 Rxe7 18. Qd8+ Bf8 19. Nf6+ Kg7 20. Nxh7 Bh3 21. Qxa8 Bxg2+ 22. Kg1 Qc5+ 23. Rf2 Re8 24. Qxe8 Kxh7 25. Qxf7+ Bg7 26. Kxg2 Qg5+ 27. Kh1 bxc6 28. Rg1 Qc5 29. Qxg6+ 1-0

[Event "El Vendrell op 4th"]
[Site "El Vendrell"]
[Date "2024.07.13"]
[Round "3"]
[White "Martin Barcelo, Carles"]
[Black "Garcia Navarro, Jose Jesus"]
[Result "1-0"]
[WhiteElo "2250"]
[BlackElo "1925"]
[PlyCount "125"]
[EventDate "2024.07.13"]
[EventType "swiss"]
[EventRounds "9"]
[EventCountry "ESP"]
[SourceTitle "CBM 221 Extra"]
[Source "ChessBase"]
[SourceDate "2024.09.30"]
[SourceVersion "1"]
[SourceVersionDate "2024.09.30"]
[SourceQuality "1"]

1. e4 c5 2. Nf3 Nc6 3. Nc3 g6 4. Bb5 Nd4 5. Nxd4 cxd4 6. Ne2 Bg7 7. 0-0 Qb6 8. Bc4 d6 9. d3 Nf6 10. a4 a6 11. a5 Qa7 12. c3 dxc3 13. bxc3 0-0 14. Be3 Qb8 15. Rb1 Bd7 16. Bb6 Qc8 17. Qb3 Ng4 18. d4 e6 19. Bd3 Bc6 20. c4 Qe8 21. c5 d5 22. e5 f6 23. h3 Nh6 24. Bc7 fxe5 25. Bxe5 Nf5 26. Bxf5 Rxf5 27. Ng3 Rf7 28. Rfe1 Qd7 29. Bxg7 Kxg7 30. Re5 Rf6 31. Rbe1 Raf8 32. f3 Qc8 33. Nh1 Bb5 34. Nf2 h5 35. Qe3 Bd7 36. Nd3 Qc7 37. Qd2 Qc6 38. Rg5 Bc8 39. Rb1 Qa4 40. Ne5 Qe8 41. Qd3 Kh6 42. Qd2 Kh7 43. Qc2 Kh6 44. h4 Rg8 45. Rb6 Rf5 46. Qd2 Rxg5 47. Qxg5+ Kh7 48. Rd6 Qf8 49. Kh2 Qf5 50. Qxf5 gxf5 51. c6 bxc6 52. Rxc6 Kg7 53. Rc7+ Kh6 54. Nf7+ Kg6 55. Nd6 e5 56. Nxc8 Kf6 57. Rc6+ Kf7 58. dxe5 Rd8 59. Rc7+ Kg6 60. Ne7+ Kh6 61. Nxf5+ Kg6 62. g4 d4 63. Rg7# 1-0

[Event "Titled Tuesday intern op 02nd Jul Late"]
[Site "Chess.com INT"]
[Date "2024.07.02"]
[Round "6"]
[White "Causo, Deniel"]
[Black "Martin Barcelo, Carles"]
[Result "1-0"]
[WhiteElo "2224"]
[BlackElo "2234"]
[PlyCount "69"]
[EventDate "2024.07.02"]
[EventType "swiss (blitz)"]
[EventRounds "11"]
[EventCountry "USA"]
[SourceTitle "EXT 2025"]
[Source "ChessBase"]
[SourceDate "2024.10.14"]
[SourceVersion "1"]
[SourceVersionDate "2024.10.14"]
[SourceQuality "1"]

1. e4 d6 2. d4 Nf6 3. Nc3 e5 4. Nf3 Nbd7 5. Bc4 Be7 6. 0-0 0-0 7. a4 c6 8. a5 h6 9. Re1 Qc7 10. h3 Rb8 11. Be3 b5 12. axb6 axb6 13. Bb3 Bb7 14. dxe5 dxe5 15. Nh4 Nc5 16. Nf5 Nxb3 17. cxb3 Rfe8 18. Qf3 Bc8 19. Red1 Be6 20. b4 Kh7 21. b5 c5 22. Ra6 Ra8 23. Rda1 Rxa6 24. bxa6 Ra8 25. Qe2 Bxf5 26. exf5 c4 27. Ra4 Qd7 28. Qxc4 Qxf5 29. Qc6 Rc8 30. Qxb6 Qc2 31. a7 Nd5 32. Nxd5 Qxa4 33. Nxe7 Qd1+ 34. Kh2 Rc1 35. a8Q 1-0

[Event "Titled Tuesday intern op 02nd Jul Late"]
[Site "Chess.com INT"]
[Date "2024.07.02"]
[Round "7"]
[White "Martin Barcelo, Carles"]
[Black "Gonzalez Mojica, Renan Arturo"]
[Result "1-0"]
[WhiteElo "2234"]
[BlackElo "2003"]
[PlyCount "97"]
[EventDate "2024.07.02"]
[EventType "swiss (blitz)"]
[EventRounds "11"]
[EventCountry "USA"]
[SourceTitle "EXT 2025"]
[Source "ChessBase"]
[SourceDate "2024.10.14"]
[SourceVersion "1"]
[SourceVersionDate "2024.10.14"]
[SourceQuality "1"]

1. e4 d6 2. d4 Nf6 3. Bd3 e5 4. c3 d5 5. dxe5 Nxe4 6. Nf3 Nc6 7. 0-0 Bg4 8. Nbd2 Nc5 9. Bb5 Be7 10. h3 Bh5 11. Qe2 0-0 12. Bxc6 bxc6 13. Qe3 Ne6 14. Nd4 Bg5 15. Qd3 Nf4 16. Qg3 c5 17. N2f3 Bh6 18. Bxf4 Bxf4 19. Qxf4 cxd4 20. cxd4 Rb8 21. b3 f6 22. Nd2 fxe5 23. Qxe5 Bf7 24. Rac1 Rc8 25. Rc6 Re8 26. Qf4 Bg6 27. Rfc1 Rf8 28. Qe5 Qh4 29. Nf3 Qh6 30. Qg5 Qxg5 31. Nxg5 Be4 32. Nxe4 dxe4 33. Rxc7 Rxc7 34. Rxc7 Rd8 35. Rc4 Rd5 36. Kf1 Kf7 37. Ke2 Ke6 38. Ke3 Rd8 39. Kxe4 Rf8 40. f4 h6 41. Rc6+ Kd7 42. Ra6 Ra8 43. Kf5 Kc7 44. Kg6 Kb7 45. Re6 Rd8 46. Kxg7 Rxd4 47. f5 h5 48. f6 Rf4 49. f7 1-0